000 00783nab a2200241 u 4500
001 17751
003 HDC
007 cr bn ---aaaaa
008 210225c |r|noo 0 a d
040 _aHDC
245 0 _aHalal hysteria - British Paper Claims Victory Over Waitrose
260 _aBrunei :
_bBrunei Times PLC,
_c2010
336 _atext
_2rdacontent
337 _acomputer
_2rdamedia
338 _aonline resource
_2rdacarrier
650 _aHalal food industry
_9128
650 _aHalal meat
_91025
710 _aThe Brunei Times
856 _zRequest full-text at [email protected]
942 _2lcc
942 _cNEWS
942 _kNWSO 009447
999 _c15067
_d15067